Регионална библиотека "Любен Каравелов" - Русе

Стихове от Николай Лилиев, Димитър Бояджиев и Емануил Попдимитров (Запис номер 528610)

MARC детайли
000 -Лидер
Лидер 04430nim a2200289 a 4500
003 - Код на организацията, давaща контролен номер
Код на организацията, даваща контролен номер BLK
005 - Дата и час на последна редакция
Дата и час на последна редакция 20250312105736.0
007 - Фиксирано поле за физическо описани
Физическо описание sd ammalaaahaa
008 - Елементи от данни с фиксирана дължина
Елементи с фиксирана дължина 221104b bu |||||s|||| 00| | bu d
028 ## - PUBLISHER NUMBER
Издателски номер BАA 11351
040 ## - Източник на каталожния запис
Код на библиотеката BLK
041 ## - Код за език
Език на записа Български
Език за КДБФ Български
080 ## - УДК
УДК текст Българска литература
УДК код 821.163.2
УДК – код + определител 821.163.2-1(086.72)
100 ## - Редна дума - Автор
R(LIN) 397894
Автор Лилиев, Николай
Години, свързани с автора 26.05.1885 – 06.10.1960
Биография на автора Николай Лилиев е псевдоним на Николай Попиванов – виден български поет символист и драматург. Следва литература в Лозана и търговия в Париж. Работи като учител в София, Пловдив и Свищов, известно време е чиновник. По време на Първата световна война е редник и кореспондент. След войната работи в различни ведомства и редакции. Известно време е драматург на Народния театър. Участва в редакцията на „Известия на Института по литература“. Съредактор е на сп. „Златорог“. Академик от 1945 г. След появата на първите му книги неговата поезия се оказва в центъра на критичните полемики. Тя се свързва с върха и залеза на българския символизъм. Печата стихове за първи път през 1905 г. в „Българан“. Сътрудничи на редица литературни и хумористични издания. Автор на стихосбирките „Птици в нощта“, „Лунни петна“, „Стихотворения“. През 1934 г. пише последния си цикъл стихове „При морето“. Николай Лилиев има осезателен принос в българската театрална култура и сценична реч, като преводач и автор на изследвания, портрети и спомени за български и чужди писатели и театрали.
Пълна форма на името Николай Лилиев
245 ## - Сведения за заглавието
Заглавие Стихове от Николай Лилиев, Димитър Бояджиев и Емануил Попдимитров
Авторска отговорност изпълнява Любомир Кабакчиев
260 ## - Област на издателските данни
9 (RLIN) 210374
Място на издаване София
Име на издателя Балкантон
Година на издаване 1985
300 ## - Физическа характеристика
Брой страници 1 грамофонна плоча
Илюстрации 33 об/мин, моно
Размер 30 см
380 ## - Жанр
Жанр Худож. лит.
500 ## - Общи забележки
Обща забележка Страна А — 25.30<br/>На Тракия; Вървя смирен; Знам сърдечен свиден кът; Съмна в сънните градини; Светло утро; Над твоя дом; Тихият пролетен дъжд; Небето е безумносиньо; Към слънцето; Светът; Години; Месецът от висините; Трепват невидими струни; Тишина; Моите спомени; Родина; Ето старите стрехи; Бащината къща; Ти - хляб и сол; Напусто ще питаш; И ето ме изпълнен пак с любов; Из "Градът"; Тълпите; Звездите бледнеят; Плаче старата гора; Във тоя век; Да можех (Николай Лилиев)<br/><br/>Страна Б<br/>Ще дойде ден; Пролет; Бяла нощ; Посърнал цветец; Боязън; Покой; Самотност; С дълбока нежност; Писмо; Сподавен вик; Вечерен трепет (Димитър Бояджиев) — 14.00, Сеяч; Нощен дъжд; Ирен; Мъгли; Прометей; Русия I; Ветрец; Народ (Емануил Попдимитров) —10.20
700 1# - Други автори (авторска отговорност)
Друг автор Кабакчиев, Любомир Петков
Дати, свързани с автора 1925 - 1986
9 (RLIN) 223040
700 1# - Други автори (авторска отговорност)
Друг автор Бояджиев, Димитър Иванов
9 (RLIN) 42398
700 1# - Други автори (авторска отговорност)
Друг автор Попдимитров, Емануил Попзахариев
9 (RLIN) 111611
852 ## - Местоположение
Сигнатура (форматна) Ф ІІ 6283
856 ## - Електронен адрес и достъп
Инструкция (цена за достъп) 0.00
Права за достъп disable
942 ## - АРТИКУЛИ
Вид на библиотечния документ Грамофонни плочи
Скрит в OPAC Не
944 ## - СЪЗДАВАНЕ И РЕДАКЦИЯ на ЗАПИСА
Дата на регистрацията/редакция Нора Радева
Служител, извършил регистрацията/редакцията 30545
Създаване/Редакция
Статус, дата на статуса Нора Радева
999 ## - СИСТЕМНИ КОНТРОЛНИ НОМЕРА
Koha biblionumber 528610
Koha biblioitemnumber 528610
Наличности
Код за отписване Код за изгубен артикул Източник на класификационната схема Код за повреда Коз за рестрикции Код за отдаване Артикулен № Име на библиотеката - собственик Име на библиотеката, в която се намира в момента Статус (Текущо местоположение) Дата на вписване в системата Местоположение - отдел Цена в лева Инвентарен номер Систематично азбучна сигнатура Баркод Цена в евро Служебен тип на артикула
  Не е изгубен Universal Decimal Classification Не е повреден само за читалня ползва се в читалня 963108 Регионална библиотека "Любен Каравелов" Русе Регионална библиотека "Любен Каравелов" Русе Хранилище 2025-03-12 Хранилище 2.30 14503 Ф ІІ 6283 900000115146 1.18 Грамофонни плочи
Vip Innovations Ltd, Rousse, Bulgaria 2025